Statistiques concernant Management

Cliquez ici pour prendre le quiz!

Statistiques générales

  • Ce quiz a été pris 19 fois
  • Le résultat moyen est 8 sur 15

Statistiques - réponses

QuestionRéponse% Correct
Qui n'est jamais venu en cours le matin?Corentin
100%
qui veut déclarer sa flemme a la fin de l'année à Jenna?Mathieu
86%
qui vole du PQ des chiottes de la fac?Etienne
79%
qui est le plus gros charo de la classe?Jad
79%
qui met des coups de pression aux profs?Marine
79%
Qui est l'expert de la théorie néo-institutionnelle?Amélie
57%
Qui a cours?Ishaan
57%
Qui est le plus gros gitan de la classe?Jordan
50%
Quel est le pire?L'accent en anglais de Abdou
50%
Qui a le plus mauvais score en test de pureté?Pierre
50%
Qui a raquetté deux MUTI pour leurs gouter?Bryan
43%
Ou habite Amélie?L'isle jourdain
36%
Qui travaille au conseil départemental du cher?Nicolas
21%
Qui est la reine du crous?Laura
14%
quel est le pire cafouillage de prénom d'un prof?Lionel Rivière
14%

Distribution des résultats

Percentile par nombre de réponses

% des personnes avec chaque résultat

Votre développement - résultats

Vous n’avez pas pris ce quiz